Taký bol Hlaváč

Bibliographic Details
Main Author: Zvonický, Gorazd, 1913-1995 (Author)
Format: Article
Language:Slovak
Subjects:

MARC

LEADER 00000nab a2200000 a 4500
001 vtls000528354
003 SK-MaSNL
005 20260303005834.0
008 120928c1994 xo 0 slo
015 |a SNBRB19rr/mm-uuuuu 
035 |a CL0528492 
040 |a SNKBUCL  |b slo  |c SNKBUCL  |e AACR2 
041 0 |a slo 
044 |a xo  |c SK 
080 |a 885.4 (450)-1  |2 1981 
100 1 |a Zvonický, Gorazd,  |d 1913-1995  |4 aut  |9 98302 
245 1 0 |a Taký bol Hlaváč  |c Gorazd Zvonický 
650 0 7 |a básne dedikačné  |2 snkbucl  |9 893927 
655 7 |a články z novín a časopisov  |2 snkbucl  |9 267496 
655 7 |a články z odboru literárna veda a krásna literatúra  |2 snkbucl  |9 770045 
773 0 |t Katolícke noviny  |g Roč. 109, č. 38 (1994), s. 14 
850 |a Slovenská národná knižnica v Martine  |a MTA001 
852 |a SNK  |b KIS3GCP 
958 |a RK 
958 |a LX 
992 |a RBX 
999 |c 1584413  |d 1586343